Statistics for Super Rugby Teams

Click here to take the quiz!

General Stats

  • This quiz has been taken 19 times
  • The average score is 15 of 18

Answer Stats

CountryAnswer% Correct
NZBlues
94%
NZChiefs
94%
NZCrusaders
94%
SACheetahs
88%
NZHighlanders
88%
SALions
88%
AUSReds
88%
SASharks
88%
AUSBrumbies
82%
SABulls
82%
NZHurricanes
82%
AUSRebels
82%
JAPSunwolves
76%
AUSWaratahs
76%
AUSWestern Force
76%
ARGJaguares
71%
SAKings
71%
SAStormers
65%

Score Distribution

Percentile by Number Answered

Percent of People with Each Score

Your Score History

You have not taken this quiz